[Event "Berlin Lichtenberger op 14th"]
[Site "Berlin"]
[Date "2015.08.18"]
[Round "4"]
[White "Heuser, Philip"]
[Black "Mildenberger, Hans"]
[Result "1-0"]
[WhiteElo "2111"]
[BlackElo "1631"]
[PlyCount "59"]
[EventDate "2015.08.15"]
[EventType "swiss"]
[EventRounds "9"]
[EventCountry "GER"]
[SourceTitle "EXT 2016"]
[Source "ChessBase"]
[SourceDate "2015.10.08"]
[SourceVersion "1"]
[SourceVersionDate "2015.10.08"]
[SourceQuality "1"]

1. d4 Nf6 2. c4 e6 3. Nc3 Bb4 4. Bg5 d5 5. Qa4+ Nc6 6. e3 0-0 7. Nf3 Bxc3+ 8. bxc3 Bd7 9. Qc2 Ne7 10. Rb1 Rb8 11. cxd5 exd5 12. Bxf6 gxf6 13. Bd3 Ng6 14. h4 Re8 15. h5 Nf8 16. Nh4 Qe7 17. Nf5 Bxf5 18. Bxf5 c5 19. 0-0 cxd4 20. cxd4 Red8 21. Rfc1 Qd6 22. Qc5 Qxc5 23. Rxc5 Ne6 24. Bxe6 fxe6 25. Rc7 Rf8 26. Rbxb7 Rxb7 27. Rxb7 Rf7 28. Rxf7 Kxf7 29. g4 f5 30. g5 1-0

[Event "Berlin Lichtenberger op 13th"]
[Site "Berlin"]
[Date "2014.08.23"]
[Round "8"]
[White "Mildenberger, Hans"]
[Black "Bergmann, Jens"]
[Result "0-1"]
[WhiteElo "1632"]
[BlackElo "1896"]
[PlyCount "30"]
[EventDate "2014.08.16"]
[EventType "swiss"]
[EventRounds "9"]
[EventCountry "GER"]
[SourceTitle "CBM 161 Extra"]
[Source "ChessBase"]
[SourceDate "2014.08.29"]
[SourceVersion "1"]
[SourceVersionDate "2014.08.29"]
[SourceQuality "1"]

1. d4 Nf6 2. c4 e5 3. dxe5 Ng4 4. e3 Nxe5 5. Nf3 Nbc6 6. Nc3 Bc5 7. Be2 0-0 8. 0-0 Nxf3+ 9. Bxf3 Ne5 10. Be4 Re8 11. b3 a5 12. Bb2 Qh4 13. Bf3 Ra6 14. Ne4 Nxf3+ 15. Qxf3 Qxe4 0-1

[Event "Berlin Lichtenberger op 13th"]
[Site "Berlin"]
[Date "2014.08.21"]
[Round "6"]
[White "Mildenberger, Hans"]
[Black "Westphal, Julian"]
[Result "0-1"]
[WhiteElo "1632"]
[BlackElo "1734"]
[PlyCount "54"]
[EventDate "2014.08.16"]
[EventType "swiss"]
[EventRounds "9"]
[EventCountry "GER"]
[SourceTitle "CBM 161 Extra"]
[Source "ChessBase"]
[SourceDate "2014.08.29"]
[SourceVersion "1"]
[SourceVersionDate "2014.08.29"]
[SourceQuality "1"]

1. d4 d5 2. c4 c6 3. Nc3 e6 4. Nf3 Nf6 5. e3 Nbd7 6. Bd3 Bd6 7. 0-0 0-0 8. Qc2 dxc4 9. Bxc4 b5 10. Bd3 Bb7 11. e4 e5 12. Bg5 exd4 13. Nxd4 Bxh2+ 14. Kh1 Bc7 15. Nf5 b4 16. Na4 Qe8 17. Bxf6 Nxf6 18. Nc5 Bc8 19. Nd4 Qe5 20. Nf3 Qh5+ 21. Kg1 Bg4 22. e5 Bxf3 23. gxf3 Bxe5 24. Rfe1 Rfe8 25. Ne4 Bh2+ 26. Kg2 Nd5 27. Qd2 Nf4+ 0-1

[Event "Berlin Lichtenberger op 12th"]
[Site "Berlin"]
[Date "2013.08.23"]
[Round "7"]
[White "Acikel, Mert"]
[Black "Mildenberger, Hans"]
[Result "0-1"]
[WhiteElo "1741"]
[BlackElo "1622"]
[PlyCount "102"]
[EventDate "2013.08.17"]
[EventType "swiss"]
[EventRounds "9"]
[EventCountry "GER"]
[SourceTitle "CBM 156 Extra"]
[Source "ChessBase"]
[SourceDate "2013.10.22"]
[SourceVersion "1"]
[SourceVersionDate "2013.10.22"]
[SourceQuality "1"]

1. e4 e6 2. d4 d5 3. Nd2 c5 4. exd5 Qxd5 5. Ngf3 Nc6 6. Bc4 Qd8 7. Nb3 cxd4 8. Nbxd4 Nxd4 9. Nxd4 Nf6 10. 0-0 Bc5 11. Be3 0-0 12. c3 a6 13. a4 e5 14. Nf3 Bxe3 15. fxe3 Bg4 16. Qxd8 Raxd8 17. Nxe5 Bh5 18. Nf3 Nd5 19. Rfe1 Nb6 20. Bb3 Rd6 21. Nd4 Nd7 22. e4 Ne5 23. Re3 Bg6 24. h3 Rfd8 25. Rf1 Rb6 26. Rf2 h6 27. Kh2 Rbd6 28. Kg3 Rc8 29. Nf5 Rd7 30. Bd5 Rcc7 31. Nh4 Bh7 32. Kh2 Nc4 33. Rg3 Nb6 34. Nf5 Bxf5 35. Rxf5 Nxa4 36. Rh5 Kh7 37. Rf5 Nxb2 38. Rgf3 Kg8 39. g4 Nc4 40. g5 g6 41. Rf6 Ne5 42. Rg3 hxg5 43. Rxg5 Kg7 44. Rff5 Nc6 45. h4 f6 46. Rg3 Ne7 47. Rf2 Nxd5 48. exd5 Rxd5 49. Rgf3 Rf7 50. c4 Rd4 51. Rc3 Rxh4+ 0-1

[Event "Berlin Lichtenberger op 12th"]
[Site "Berlin"]
[Date "2013.08.22"]
[Round "6"]
[White "Mildenberger, Hans"]
[Black "Lippianowski, Stefan"]
[Result "1-0"]
[WhiteElo "1622"]
[BlackElo "1245"]
[PlyCount "63"]
[EventDate "2013.08.17"]
[EventType "swiss"]
[EventRounds "9"]
[EventCountry "GER"]
[SourceTitle "CBM 156 Extra"]
[Source "ChessBase"]
[SourceDate "2013.10.22"]
[SourceVersion "1"]
[SourceVersionDate "2013.10.22"]
[SourceQuality "1"]

1. d4 d5 2. c4 Bf5 3. cxd5 Bxb1 4. Qa4+ c6 5. Rxb1 Nf6 6. Nf3 Qxd5 7. e3 Qf5 8. Ra1 g6 9. Qb3 Qa5+ 10. Bd2 Qc7 11. Bc4 e6 12. Rc1 Bd6 13. h3 Nbd7 14. 0-0 Ne4 15. Bc3 Rf8 16. Bxe6 0-0-0 17. Bxf7 Ndf6 18. Be6+ Kb8 19. Bc4 h5 20. Bb4 g5 21. Bxd6 Qxd6 22. Ba6 Rd7 23. Rc2 g4 24. Ne5 Rg7 25. h4 c5 26. Bd3 cxd4 27. Nc6+ Kc8 28. Nxa7+ Kb8 29. Nc6+ Kc8 30. Nxd4+ Kd8 31. Nf5 Qd5 32. Qb6+ 1-0

[Event "Berlin Lichtenberger op 12th"]
[Site "Berlin"]
[Date "2013.08.20"]
[Round "4"]
[White "Landt, Stefan"]
[Black "Mildenberger, Hans"]
[Result "1-0"]
[WhiteElo "1929"]
[BlackElo "1622"]
[PlyCount "85"]
[EventDate "2013.08.17"]
[EventType "swiss"]
[EventRounds "9"]
[EventCountry "GER"]
[SourceTitle "CBM 156 Extra"]
[Source "ChessBase"]
[SourceDate "2013.10.22"]
[SourceVersion "1"]
[SourceVersionDate "2013.10.22"]
[SourceQuality "1"]

1. d4 Nf6 2. c4 e6 3. Nc3 Bb4 4. Bg5 d5 5. e3 0-0 6. cxd5 exd5 7. Bd3 Re8 8. Nge2 c6 9. Qc2 h6 10. Bh4 Nbd7 11. h3 Qc7 12. Rc1 Ne4 13. 0-0 Bxc3 14. Nxc3 Nxc3 15. Qxc3 Qd6 16. f3 Nf6 17. Rce1 Nh5 18. Qc2 Ng3 19. Rf2 g5 20. Bxg3 Qxg3 21. Bf5 Bxf5 22. Qxf5 Re6 23. e4 Qh4 24. f4 gxf4 25. e5 Qg5 26. Qxf4 Qxf4 27. Rxf4 Rf8 28. Rf6 Kg7 29. Ref1 Rxf6 30. Rxf6 Re8 31. g4 Re6 32. Rxe6 fxe6 33. h4 Kg6 34. Kf2 b6 35. b4 a5 36. bxa5 bxa5 37. Ke3 h5 38. g5 Kf5 39. Kd3 Kg6 40. Kc3 Kf5 41. Kb3 Kg6 42. Ka4 Kf5 43. Kxa5 1-0

[Event "Berlin Lichtenberger op 12th"]
[Site "Berlin"]
[Date "2013.08.19"]
[Round "3"]
[White "Mildenberger, Hans"]
[Black "Strehlow, Horst"]
[Result "1-0"]
[WhiteElo "1622"]
[BlackElo "2026"]
[PlyCount "83"]
[EventDate "2013.08.17"]
[EventType "swiss"]
[EventRounds "9"]
[EventCountry "GER"]
[SourceTitle "CBM 156 Extra"]
[Source "ChessBase"]
[SourceDate "2013.10.22"]
[SourceVersion "1"]
[SourceVersionDate "2013.10.22"]
[SourceQuality "1"]

1. d4 Nf6 2. c4 e6 3. Nf3 d5 4. e3 c6 5. Nc3 Nbd7 6. Bd3 dxc4 7. Bxc4 b5 8. Bd3 Bb7 9. 0-0 a6 10. Bd2 c5 11. dxc5 Nxc5 12. Bc2 Qb6 13. Qe2 Be7 14. b4 Nce4 15. Nxe4 Nxe4 16. a3 Bf6 17. Rab1 0-0 18. a4 Rac8 19. a5 Qd8 20. Bb3 Nc3 21. Bxc3 Rxc3 22. Rfd1 Qc7 23. e4 Rc8 24. Nd2 Be7 25. Qg4 Bd6 26. h3 Qe7 27. Nf3 Bxb4 28. Ng5 Bxa5 29. Nxe6 fxe6 30. Bxe6+ Kh8 31. Rd7 Rc1+ 32. Rxc1 Rxc1+ 33. Kh2 Bc7+ 34. g3 Qf6 35. Rf7 Bxe4 36. Qxe4 Qd8 37. Qf5 Bd6 38. Rd7 Qb8 39. Qg5 Bxg3+ 40. Kg2 Qf8 41. Rd8 Bd6 42. Rxf8+ 1-0

[Event "Berlin Lichtenberger op 11th"]
[Site "Berlin"]
[Date "2012.08.18"]
[Round "1"]
[White "Mildenberger, Hans"]
[Black "Costello, Colin"]
[Result "0-1"]
[WhiteElo "1626"]
[BlackElo "1956"]
[PlyCount "48"]
[EventDate "2012.08.18"]
[EventType "swiss"]
[EventRounds "9"]
[EventCountry "GER"]
[SourceTitle "CBM 150 Extra"]
[Source "ChessBase"]
[SourceDate "2012.10.19"]
[SourceVersion "1"]
[SourceVersionDate "2012.10.19"]
[SourceQuality "1"]

1. e4 e6 2. d4 d5 3. Nd2 c5 4. c3 Nc6 5. Ngf3 cxd4 6. cxd4 dxe4 7. Nxe4 Bb4+ 8. Bd2 Qa5 9. Bxb4 Qxb4+ 10. Qd2 Ke7 11. a3 Qxd2+ 12. Kxd2 Nf6 13. Nxf6 Kxf6 14. Bb5 Bd7 15. Ke3 Rhd8 16. Rhd1 Ne7 17. Bxd7 Rxd7 18. Rac1 Rad8 19. g4 Nd5+ 20. Ke4 Rd6 21. Rc2 Rb6 22. Rb1 Ke7 23. h3 Rb3 24. h4 f5+ 0-1

[Event "Berlin Lichtenberger op 10th"]
[Site "Berlin"]
[Date "2011.08.17"]
[Round "5"]
[White "Lippianowski, Stefan"]
[Black "Mildenberger, Hans"]
[Result "1/2-1/2"]
[WhiteElo "1261"]
[BlackElo "1633"]
[PlyCount "134"]
[EventDate "2011.08.13"]
[EventType "swiss"]
[EventRounds "9"]
[EventCountry "GER"]
[SourceTitle "CBM 143 Extra"]
[Source "ChessBase"]
[SourceDate "2011.08.29"]
[SourceVersion "1"]
[SourceVersionDate "2011.08.29"]
[SourceQuality "1"]

1. d4 Nf6 2. Nc3 d5 3. Bf4 Bf5 4. Nb5 Na6 5. Nf3 c6 6. Nc3 e6 7. a3 Bd6 8. Ne5 0-0 9. e3 Rc8 10. Bd3 Bxd3 11. Nxd3 Bxf4 12. Nxf4 Qd7 13. Nd3 Qd6 14. Ne5 h6 15. f4 Nh7 16. Qf3 Nc7 17. Qg3 a6 18. Ng4 Kh8 19. 0-0-0 f6 20. Ne2 c5 21. Qe1 c4 22. c3 a5 23. Ng3 Na6 24. Kd2 b5 25. Nh5 Rf7 26. Rf1 b4 27. Ke2 bxc3 28. Qxc3 Qb6 29. Ng3 Rfc7 30. f5 Ng5 31. h4 exf5 32. Rxf5 Nf7 33. Rxd5 Qe6 34. e4 Qxg4+ 35. Qf3 Qxf3+ 36. gxf3 Rb7 37. Rxa5 Rxb2+ 38. Ke3 c3 39. Rc1 c2 40. Rxa6 Rb1 41. Kd2 Rb2 42. Ra7 Nd6 43. Kd3 Rb3+ 44. Ke2 Nb5 45. Rd7 Nxa3 46. Nf5 Rb1 47. Kd2 Rb3 48. Rxg7 Rxf3 49. Rd7 Rh3 50. Nxh6 Rh2+ 51. Ke3 Rc3+ 52. Kf4 Rxh4+ 53. Ng4 Rhh3 54. Rd8+ Kg7 55. Kf5 Rhf3+ 56. Ke6 Nb5 57. Rb8 Nc7+ 58. Ke7 f5 59. Ne5 fxe4 60. Nxf3 exf3 61. Rg1+ Kh7 62. Rf8 c1Q 63. Rf7+ Kh8 64. Rf8+ Kh7 65. Rf7+ Kh6 66. Rxc1 Rxc1 67. Rxf3 Re1+ 1/2-1/2

[Event "Berlin Lichtenberger op 10th"]
[Site "Berlin"]
[Date "2011.08.13"]
[Round "1"]
[White "Strehlow, Horst"]
[Black "Mildenberger, Hans"]
[Result "1-0"]
[WhiteElo "2074"]
[BlackElo "1633"]
[PlyCount "51"]
[EventDate "2011.08.13"]
[EventType "swiss"]
[EventRounds "9"]
[EventCountry "GER"]
[SourceTitle "CBM 143 Extra"]
[Source "ChessBase"]
[SourceDate "2011.08.29"]
[SourceVersion "1"]
[SourceVersionDate "2011.08.29"]
[SourceQuality "1"]

1. d4 d5 2. c4 c6 3. Nf3 Nf6 4. Nc3 e6 5. Bg5 Be7 6. e3 0-0 7. Rc1 Nbd7 8. Bd3 dxc4 9. Bxc4 Nd5 10. Bxe7 Qxe7 11. 0-0 Nxc3 12. Rxc3 e5 13. dxe5 Nxe5 14. Nxe5 Qxe5 15. f4 Qe4 16. Bd3 Qd5 17. Qc2 Qh5 18. e4 Be6 19. f5 Bxa2 20. b3 Bxb3 21. Rxb3 Qg5 22. Qf2 Rfd8 23. e5 Rd5 24. e6 fxe6 25. fxe6 Qe7 26. Qf7+ 1-0

[Event "Potsdam Christmas 35th"]
[Site "Potsdam"]
[Date "2010.12.27"]
[Round "1.49"]
[White "Mildenberger, Hans"]
[Black "Schwarz, Oliver"]
[Result "1/2-1/2"]
[WhiteElo "1497"]
[BlackElo "1860"]
[PlyCount "48"]
[EventDate "2010.12.27"]
[EventType "swiss"]
[EventRounds "7"]
[EventCountry "GER"]
[SourceTitle "EXT 2022"]
[Source "ChessBase"]
[SourceDate "2021.10.06"]
[SourceVersion "1"]
[SourceVersionDate "2021.10.06"]
[SourceQuality "1"]

1. d4 e6 2. c4 d5 3. Nc3 c5 4. e3 Nf6 5. Nf3 Nc6 6. Bd3 dxc4 7. Bxc4 Be7 8. 0-0 0-0 9. a3 cxd4 10. exd4 a6 11. Re1 b5 12. d5 bxc4 13. dxc6 Qc7 14. Qa4 a5 15. g3 Ba6 16. Ne5 Bd6 17. Nxc4 Bxc4 18. Qxc4 Rfc8 19. Be3 Qxc6 20. Qxc6 Rxc6 21. Bd4 Rb8 22. Rab1 Kf8 23. f4 Bc5 24. Bxc5+ Rxc5 1/2-1/2

[Event "Berlin Lichtenberger op 9th"]
[Site "Berlin"]
[Date "2010.08.07"]
[Round "2"]
[White "Mildenberger, Hans"]
[Black "Slepuschkin, Shenja"]
[Result "0-1"]
[WhiteElo "1625"]
[BlackElo "2099"]
[PlyCount "45"]
[EventDate "2010.08.07"]
[EventType "swiss"]
[EventRounds "9"]
[EventCountry "GER"]
[SourceTitle "CBM 137 Extra"]
[Source "ChessBase"]
[SourceDate "2010.09.01"]
[SourceVersion "1"]
[SourceVersionDate "2010.09.01"]
[SourceQuality "1"]

1. d4 e6 2. Nf3 f5 3. c4 Nf6 4. Bg5 Bb4+ 5. Nbd2 0-0 6. a3 Bxd2+ 7. Qxd2 b6 8. g3 Bb7 9. Bg2 d6 10. 0-0 Nbd7 11. Qc3 h6 12. Bxf6 Nxf6 13. Nd2 Bxg2 14. Kxg2 Qe8 15. h3 Qg6 16. f4 Rae8 17. Nf3 Re7 18. Nh4 Qe8 19. Qf3 g5 20. Nxf5 exf5 21. Rae1 Re3 22. Qf2 g4 23. h4 0-1

[Event "Potsdam Christmas 34th"]
[Site "Potsdam"]
[Date "2009.12.27"]
[Round "1.13"]
[White "Godoj, Veit"]
[Black "Mildenberger, Hans"]
[Result "1-0"]
[WhiteElo "2072"]
[BlackElo "1636"]
[PlyCount "39"]
[EventDate "2009.12.27"]
[EventType "swiss"]
[EventRounds "7"]
[EventCountry "GER"]
[SourceTitle "EXT 2022"]
[Source "ChessBase"]
[SourceDate "2021.10.06"]
[SourceVersion "1"]
[SourceVersionDate "2021.10.06"]
[SourceQuality "1"]

1. d4 Nf6 2. Nf3 d5 3. e3 Bf5 4. c4 dxc4 5. Bxc4 e6 6. Qb3 Qc8 7. Nc3 Nc6 8. Bb5 Bd6 9. Ne5 Bxe5 10. dxe5 Nd7 11. f4 0-0 12. Bxc6 bxc6 13. 0-0 Rb8 14. Qc4 Qb7 15. Qe2 h6 16. b3 Qb4 17. Bd2 Nc5 18. Na4 Qb5 19. Qxb5 Rxb5 20. Nxc5 1-0

[Event "Berlin Lichtenberger op 8th"]
[Site "Berlin"]
[Date "2009.08.16"]
[Round "3"]
[White "Kuechler, Felix"]
[Black "Mildenberger, Hans"]
[Result "0-1"]
[WhiteElo "1714"]
[BlackElo "1628"]
[PlyCount "70"]
[EventDate "2009.08.15"]
[EventType "swiss"]
[EventRounds "9"]
[EventCountry "GER"]
[SourceTitle "CBM 131 Extra"]
[Source "ChessBase"]
[SourceDate "2009.09.03"]
[SourceVersion "2"]
[SourceVersionDate "2009.09.16"]
[SourceQuality "1"]

1. e4 e6 2. d4 d5 3. e5 c5 4. c3 Qb6 5. Nf3 Nc6 6. Bd3 Bd7 7. Bc2 cxd4 8. cxd4 Bb4+ 9. Nc3 Nge7 10. 0-0 Nf5 11. Bxf5 exf5 12. Nxd5 Qa5 13. Nxb4 Nxb4 14. Bd2 Qb5 15. Qb3 Nd5 16. Qxb5 Bxb5 17. Rfc1 Bc6 18. Rc5 0-0 19. Rac1 Nc7 20. Bb4 Rfd8 21. R5c4 Ne6 22. Bd6 Bd5 23. R4c3 f6 24. Rd1 Kf7 25. Ne1 Rdc8 26. a3 Rxc3 27. bxc3 Rc8 28. Rc1 Nxd4 29. Rd1 Ne2+ 30. Kf1 Bc4 31. Nd3 Nxc3 32. Rd2 Ne4 33. Rd1 fxe5 34. Bxe5 Rd8 35. f3 Nc5 0-1

[Event "Berlin Lichtenberger op 7th"]
[Site "Berlin"]
[Date "2008.08.21"]
[Round "6"]
[White "Wendland, Frank"]
[Black "Mildenberger, Hans"]
[Result "1/2-1/2"]
[WhiteElo "1736"]
[BlackElo "1565"]
[PlyCount "40"]
[EventDate "2008.08.16"]
[EventType "swiss"]
[EventRounds "9"]
[EventCountry "GER"]
[SourceTitle "CBM 126 Extra"]
[Source "ChessBase"]
[SourceDate "2008.11.05"]
[SourceVersion "1"]
[SourceVersionDate "2008.11.05"]
[SourceQuality "1"]

1. e4 e6 2. d4 d5 3. Nc3 Bb4 4. e5 Ne7 5. a3 Bxc3+ 6. bxc3 0-0 7. Bd3 Nd7 8. Qh5 Ng6 9. Nf3 Re8 10. Bg5 f6 11. Bh4 Ndf8 12. exf6 gxf6 13. 0-0 Nxh4 14. Qxh4 Qe7 15. Rfe1 Ng6 16. Qg3 Qg7 17. Re3 c5 18. Bb5 Bd7 19. a4 a6 20. Bxd7 Qxd7 1/2-1/2